000 00355nam a2200121Ia 4500
008 201002s9999 xx 000 0 und d
020 _a978-043-105-784-2
100 _aCrask, Tom
245 _cTom Crask
_ashould I play the drums/
260 _aOxford:
_bHarcourt Education Ltd.
_c2007
300 _a32 pages
_c22 cm.
650 _aDrum -- juvenile literature
999 _c364572
_d364572